| 000 | 00665nam a22001457a 4500 | ||
|---|---|---|---|
| 008 | 240117t2023 xxk|||||o|||| 00| 0 eng d | ||
| 110 | 2 |
_95828 _aInternational Valuation Standards Council |
|
| 245 | _aInternational Valuation Standards (IVS) Exposure Draft for Consultation (2023) | ||
| 260 |
_aLondon, _bInternational Valuation Standards Council _c2023 |
||
| 300 | _a179p. | ||
| 500 | _aConsultation period 28 April 2023 to 28 July 2023 | ||
| 650 | _aVALUATION | ||
| 856 |
_uhttps://www.ivsc.org/themencode-pdf-viewer/?file=https://www.ivsc.org/wp-content/uploads/2023/04/IVS-Exposure-Draft-Apr-23.pdf#zoom=auto&pagemode= _zAvailable from the IVSC |
||
| 942 | _2ddc | ||
| 999 |
_c121775 _d121775 |
||